La pâtisserie - C - Statistiques

Statistiques générales
  • Ce quiz a été pris 67 fois
    14 depuis la dernière actualisation
  • Le résultat moyen est 12 sur 16
Statistiques - réponses
Par images Réponse % Correct
{Chausson} {aux} {pommes}
100%
{Choux} {à} {la} {crème}
100%
Crème Chantilly
100%
Crêpes
100%
Croissants
100%
Crumble
100%
{Crème} {brûlée}
92%
Cannelés
83%
Compote
83%
Clafoutis
75%
{Crème} {pâtissière}
67%
Cupcakes
58%
Caramel
50%
Cigarettes
50%
{Charlotte} {aux} {poires}
42%
Craquelin
0%
Aucun quiz correspondant
Distribution des résultats
% des personnes avec chaque résultat
Percentile par nombre de réponses
Votre historique - résultats
Vous n’avez pas pris ce quiz depuis la dernière actualisation